000 00699nam a22001937a 4500
010 _a1718CH-EN
020 _a9789385031588
_c175.00
035 _aB-672690-704
037 _aDPL
_bPragati
082 _aS
100 _aStevenson, Robert Louis
245 _aThe black arrow /
_cby Robert Louis Stevenson
260 _aNew Delhi
_bOm Kidz
_c2016 (repr)
270 _a4379/4B, Prakash House, Ansari Road,
_bNew Delhi
_e110002
300 _a240p.
_bill.
_c20cm(Hb)
490 _aOm Illustrated Classics
942 _2ddc
_cCH
_mSTE
_hS
999 _c141192
_d141192